000
00314nam a22001457a 4500
003
SGT
020
_a
9789350740194
082
_a
791.45
_b
VER
100
_a
VERMA SRIKANT
245
_a
T. V. AND INTERNET JOURNALISM
260
_a
INDIA
_c
2012
_b
ABHIJEET PUB.
300
_a
246
650
_a
BJMC
942
_2
ddc
_c
BK
999
_c
32123
_d
32123